000 00471nam a22001697a 4500
005 20250327101824.0
008 250327b |||||||| |||| 00| 0 eng d
020 _a9780321116390
050 _aHF1411
_bKRU
100 _aKrugman, Paul R.
245 _aInternational economics;
_bTheory and policy
250 _a6th
260 _aBoston
_bElm Street Publishing Services, Inc.
_cc2003
300 _axxix, 753p;
_bill.;
700 _aObstfeld, Maurice
942 _2lcc
_cBK
_n0
999 _c5244
_d5244